00649nam a2200157Ia 4500008004100000082001800041100001900059245007600078260003900154365000600193630007600199730007600275942000900351999001900360952011200379100415s9999 xx 000 0 und d b8790a599.884 aLang Ernest M aGoma, The Baby Gorilla : An Account of the First Gorilla Born in Europe aLONDONc1962bVICTOR GOLLANCZ LTD. b0 aGoma, The Baby Gorilla : An Account of the First Gorilla Born in Europe aGoma, The Baby Gorilla : An Account of the First Gorilla Born in Europe cBOOK c591731d591728 00104070aBNHSbBNHSd1998-04-13g0.00l0o599.884 8790pBNHS-8790r2010-04-15 00:00:00w2010-04-15yBOOK